Whoever heard of Staten Island? Quiz Stats

 Plays Quiz not verified by Sporcle

Also try: Fictional Races
Challenge
Share
Tweet
Embed
Score 0/21 Timer 15:00
0 Plays Today
Area of Influence % Correct
MusicChristina Aguilera
54.5%
BaseballJohn Franco
27.3%
CriminalPaul Castellano
22.7%
TelevisionAlyssa Milano
18.2%
BaseballJason Marquis
13.6%
MoviesPaul Newman
9.1%
MusicDavid Johansen
4.5%
MoviesEmilio Estevez
4.5%
MusicGhostface Killah
4.5%
ScienceCharles Goodyear
4.5%
Landscape ArchitectureFrederick Law Olmsted
4.5%
Area of Influence % Correct
LiteraturePaul Zindel
4.5%
TelevisionRicky Schroder
4.5%
MusicGene Simmons
4.5%
ScienceAntonio Meucci
4.5%
TelevisionCarmine Giovinazzo
0%
ModelingPatti Hansen
0%
ReligionElizabeth Ann Seton
0%
BusinessCornelius Vanderbilt
0%
TelevisionThe Situation
0%
ModelingFrancesco Scavullo
0%

You're not logged in!

Compare scores with friends on all Sporcle quizzes.
OR
Log In

You Might Also Like...

Show Comments

Extras

Created Jul 24, 2012ReportNominate
Tags:Famous People, New York

Top Quizzes Today


Score Distribution

Your Account Isn't Verified!

In order to create a playlist on Sporcle, you need to verify the email address you used during registration. Go to your Sporcle Settings to finish the process.

Report this User

Report this user for behavior that violates our Community Guidelines.

Details: